[Event "Texas Collegiate Super Finals"]
[Site "Richardson"]
[Date "2016.10.23"]
[Round "3"]
[White "Ruiz Castillo, Joshua Daniel"]
[Black "Drozdowski, Kacper"]
[Result "1/2-1/2"]
[WhiteElo "2343"]
[BlackElo "2507"]
[Annotator "Ruiz,J"]
[PlyCount "115"]
[EventDate "2016.10.22"]
[EventType "team-swiss"]
[EventRounds "4"]
[EventCountry "USA"]
[SourceTitle "CBM 176"]
[Source "ChessBase"]
[SourceDate "2017.01.17"]
[SourceVersion "1"]
[SourceVersionDate "2017.01.17"]
[SourceQuality "1"]

1. e4 Nf6 {Even though I knew Drozdowski could play the Alekhine, I didn't
prepare for that opening. He also plays the Sicilian and I was worried he
could choose the Taimanov.} 2. e5 Nd5 3. d4 d6 4. Nf3 Bg4 5. h3 {As I hadn't
prepared against this opening I tried to play a different line than usual. I
knew that h3 was playable and I had never played a game with h3 so I decided
to take the risk.} (5. Be2 e6 6. O-O Be7 7. c4 Nb6 8. Nc3 {- the most common
line.}) 5... Bh5 6. Be2 e6 7. O-O Be7 8. Re1 {Again another move that is not
the most common, but playable.} O-O 9. c4 Nb6 10. exd6 cxd6 11. Nc3 Nc6 {
[%cal Gh5f3,Gb6c4]} 12. b3 d5 13. c5 Bxf3 14. Bxf3 Nd7 {I was expecting ...Nc8
with idea of Bf6-N8e7-Nf5 putting some pressure on d4.} (14... Nc8 15. Be3 Bf6
{[%cal Gc8e7,Ge7f5,Gf5d4]}) 15. Be3 ({I should have played more aggressively.} 
15. Rb1 Bf6 16. Be3 Nxc5 17. Nxd5 $1) 15... b6 {This would not be a problem,
if Rb1 had been played.} 16. Na4 bxc5 17. dxc5 Nde5 {I was expecting ...Bg5
instead.} (17... Bg5 $15 18. g3 Bxe3 19. Rxe3 Rb8 20. Rc1 Qf6 {[%csl Ga4,Gb4,
Gd4,Ge5][%cal Gf8c8] My black squares would be weak and it would be difficult
to advance on the queenside, despite the pawn majority. Also my knight would
be badly placed. My light-squared bishop would be kind of blocked by his
centre, though it would delay its advance.}) 18. Be2 d4 19. Bd2 Bf6 20. Rc1 ({
Perhaps a prophylactic move like} 20. Bf1 {could have been better.}) (20. Rb1 {
[%cal Gb3b5] made more sense, as the rook would be better placed on b1 than on
c1.}) 20... Qd5 21. f4 {It looks like f4 was a hasty move. 21.b4 was stronger
with a considerable advantage. 21.Ba6 would lead to a position which is
slightly better for White.} (21. b4 Rab8 (21... Qxa2 $6 22. Bf1 Qd5 23. b5 Ne7
24. c6 $16) (21... d3 22. Bf1 Qxa2 23. Nc3 Qb2 24. Ne4 Rfd8 25. Nxf6+ gxf6 26.
Re3 Rab8 (26... Nd4 27. Rxe5 $3 fxe5 28. Qg4+ Kf8 (28... Kh8 29. Bg5 Ne2+ 30.
Bxe2 e4 31. Qh4 Kg8 32. Bh5 Rd5 33. Bh6 $18) 29. Bh6+ Ke7 30. Qg7 Ne2+ 31. Bxe2
dxe2 32. Bg5+ Ke8 33. Qg8+ Kd7 34. Qxf7+ Kc8 35. Re1 Rd1 36. Kh2 $1 $18) (26...
Rd5 27. Bc3 Qa3 28. Qd2 Kf8 29. Rg3 Rad8 30. b5 Ne7 31. c6 {It looks horrible
for Black.}) 27. Bc3 Qa3 28. f4 Ng6 29. Bxf6 Qxb4 30. Bxd8 Rxd8 31. Rxd3 $18)
22. a3 Ne7 23. f4 N5g6 24. Bd3 $16) (21. Ba6 Rab8 22. Qe2 Nb4 23. Bxb4 Rxb4 24.
Nb2 Qc6 25. Bd3 $14) 21... d3 22. Bh5 Ng6 23. Bf3 Qd7 24. Bxc6 $4 {
Definitively a really bad move, especially combined with the next one.} (24.
Rc4 {This move was the first one that came to my mind. I spent, relatively
speaking, much time thinking if Rc4 or Bxc6 was better.} Rad8 25. Kh2 Be7 26.
g3 $11) (24. Kh2 Rfd8 25. Be4 Rac8 $11) 24... Qxc6 25. Qf3 $2 {A really
horrible move, but I thought my rook was on f1! That was also the reason why I
played 24.Bxc6.} Qxf3 26. gxf3 Nh4 27. Rf1 (27. Red1 {was obviously a better
move than the passive Rf1.} Rfd8 (27... Nxf3+ 28. Kf2 Nxd2 29. Rxd2 Rfd8 30.
Rcd1 Kf8 31. Rxd3 $14) 28. Be3 e5 29. fxe5 (29. Rc4 exf4 30. Bxf4 Nxf3+ 31. Kf2
Ng5 32. Bxg5 Bxg5 33. Nc3 $44 {[%csl Gd3][%cal Gb3b5,Gc5c7] White has some
compensation for the pawn, due to his pawn majority on the queenside and due
to the weakness of the d3-pawn.}) 29... Nxf3+ 30. Kf1 Nxe5 31. c6 Rdc8 (31...
Rac8 32. c7 Rd7 33. Bxa7 Rdxc7 34. Rxc7 Rxc7 35. Bd4 Rc2 36. Bxe5 Bxe5 37. Rxd3
) 32. c7 Be7 33. Bf4 Bd6 34. Nc3 Rxc7 35. Nb5 Rxc1 36. Rxc1 g5 $1 $15) 27...
Nf5 (27... Rfd8 {was more precise!}) 28. Rc4 ({Again I had some chances of
equalise with} 28. Rfd1 {but it looks like I didn't want my rook to be better
placed.} Rfd8 29. Bc3 Be7 30. Be1 $8 {in order to get equality} Nd4 31. Kf1
Nxf3 32. Rc3 Nxe1 33. Kxe1 Bh4+ 34. Kd2 e5 35. Rxd3 exf4 36. Ke2 $11 {[%csl
Gf4,Gh4][%cal Ge2f3,Gc5c7,Gb3b5] Despite being a pawn down, White would have
really good compensation on the queenside. Additionally, it would be easy for
the bishop to find an active role. Also the f4 pawn would soon be attacked.})
28... Rac8 29. c6 $6 {At this point I thought it would be a good idea to start
moving my pawns in order to get some counterplay, but obviously it wasn't the
right moment to do it.} Bd4+ 30. Kh2 Be3 $6 31. Rd1 {Finally I placed my rook
on d1.} Rfd8 32. Nb2 Rd6 33. c7 Bb6 $6 {That move lost a little bit of his
advantage and gave me some chances.} 34. Na4 Rd7 35. Nxb6 axb6 36. Rdc1 Ne7 {
At this point I realised that there was nothing that I could have done in
order noy to lose the c-pawn, so I started thinking that it was already time
to move my queenside to get some chances of drawing.} 37. a4 Nd5 38. b4 Rdxc7
$6 {I realised that the endgame without rooks would be drawn because of the
weakness of the d-pawn. My pawns on the queenside become dangerous.} (38... Kf8
{was a clearly better option, but I am not sure if it was enough to win the
game.} 39. Kg3 Rcxc7 40. Rxc7 Nxc7 {it was better to retain one rook.} (40...
Rxc7 41. Rxc7 Nxc7 42. Kf2 {again an equal position}) 41. a5 Ke7 42. Kf2 g6 43.
Rc3 bxa5 {the better option would be taking} (43... Kd8 44. axb6 Nd5 45. Rxd3
Nxb6 {and I am not sure, if Black could win}) 44. bxa5 Kd8 45. Ra3 Kc8 46. Ke3
Nd5+ 47. Ke4 Kb8 48. Rxd3 Rb7 {Black has an advantage but it is unclear, if he
can win.}) 39. Rxc7 Rxc7 40. Rxc7 Nxc7 {This endgame is already drawn.} 41. Kg3
Kf8 42. Kf2 Nd5 43. a5 Ke7 44. a6 Kd7 45. a7 Nc7 46. f5 $8 {The only move to
go for a draw.} e5 47. f4 e4 48. Ke3 Kc6 49. Kxe4 Kb7 {I was unsure, if taking
on d3 was the correct move. I saw I could try something with f6, but I didn't
want to give the e6-square to the knight.} 50. Kxd3 f6 51. Kc4 Kxa7 52. b5 Kb7
53. Bb4 Ne8 54. Kd5 Nc7+ 55. Kc4 Ne8 56. Kd5 Nc7+ 57. Kc4 Ne8 58. Kd5 1/2-1/2

[Event "St Petersburg op2"]
[Site "St Petersburg"]
[Date "1994.??.??"]
[Round "2"]
[White "Karasev, Vladimir I"]
[Black "Dyachkov, Sergej"]
[Result "1-0"]
[WhiteElo "2405"]
[BlackElo "2510"]
[Annotator "Svidler,P"]
[PlyCount "81"]
[EventDate "1994.10.??"]
[EventType "swiss"]
[EventRounds "9"]
[EventCountry "RUS"]
[SourceTitle "CBM 043 Extra"]
[Source "ChessBase"]
[SourceDate "1995.01.01"]
[SourceVersion "1"]
[SourceVersionDate "1995.01.01"]
[SourceQuality "1"]

1. e4 Nf6 2. e5 Nd5 3. d4 d6 4. Nf3 Bg4 5. Be2 e6 6. h3 Bh5 7. O-O Be7 8. c4
Nb6 9. exd6 cxd6 10. Nc3 O-O (10... Nc6 11. d5 exd5 12. Nxd5 Nxd5 13. Qxd5 Bg6
14. Qb5 Qc7 15. Bf4 $14 {Tkachiev,V-Blatny,P/Jakarta/1994/1:0/39/}) 11. b3 Nc6
12. Be3 (12. d5 exd5 13. Nxd5 Nxd5 14. Qxd5 Bf6 $1 15. Qxh5 (15. Rb1 Bg6) 15...
Bxa1 16. Ng5 (16. Bg5 Bf6 $17) (16. Bd3 g6 $17) 16... h6 $17) 12... d5 13. c5
Nc8 (13... Nd7 $5 14. b4 $6 Nxb4 15. Qb3 Qa5 16. a3 Nc6 17. Qxb7 Rac8 $1 $13
18. Qxd7 $140 $2 Rc7 $19) 14. b4 a6 15. Qa4 (15. g4 $5 Bg6 16. Qa4 $13) 15...
Bxf3 16. Bxf3 Ra7 (16... Bf6 $5 17. Rad1 (17. b5 N6e7 18. g4 Ng6 $13) 17...
N8e7 18. g4 Ng6 $13) 17. Rad1 Bf6 18. Qb3 N8e7 19. g4 Ng6 20. Bg2 $1 (20. a4
Bg5 $13) 20... b6 $5 {><b4} (20... Nh4 21. Bh1 $14) (20... Bg5 21. f4 $16) 21.
a3 bxc5 22. dxc5 (22. bxc5 Na5 23. Qc2 Nc4 24. Bc1 $13) 22... Qb8 $5 {/\ Nf4}
23. f4 a5 (23... Na5 24. Qc2 Nc4 25. Bc1 a5 $13) 24. b5 $1 (24. f5 Nh4 $1 25.
Bf4 Be5 $17) 24... Bxc3 25. Qxc3 Qxb5 26. Rb1 Qa4 $6 (26... Qa6 27. Rb6 Qc8 $44
) 27. f5 Nge5 28. Rf4 Nc4 29. f6 e5 (29... g6 $13 30. Bc1 $5 e5 31. Rxc4 $140
dxc4 (31... Qxc4 32. Qxc4 dxc4 33. Bxc6 $16) 32. Qd2 Kh8 $1 (32... c3 33. Qh6
Qd4+ 34. Kh1 Qd1+ 35. Kh2 $18) 33. Qh6 Rg8 34. Bxc6 Qd1+ $1 (34... Qxc6 $4 35.
Rb8 Qxc5+ (35... Ra8 36. Qg7#) 36. Kf1 $18) 35. Kh2 Qc2+ $19) 30. fxg7 Rc8 31.
Rf6 d4 32. Bxc6 dxc3 (32... Rxc6 33. Rxc6 (33. Rb8+ Kxg7 34. Bh6+ Kxf6 35. Qf3+
Ke6 36. Re8+ (36. Qf5+ Kd5 37. Qf3+ Kxc5 38. Bf8+ Nd6 $19) 36... Re7 37. Qf5+
Kd5 38. Rxe7 Qd1+ 39. Kf2 $132) 33... Qxc6 $8 (33... dxc3 34. Rb8+ Kxg7 35.
Bh6#) 34. Bxd4 Qd5 $1 $13 (34... exd4 35. Qxd4 $16)) 33. Bxa4 Nxe3 34. c6 Kxg7
35. Rf3 Nd5 36. Rb5 (36. Rd3 Nf4) 36... e4 (36... Nf4 37. Rxe5 $16) (36... Rxc6
37. Rxd5 c2 38. Bxc2 Rxc2 39. Rxe5 $10) (36... Rd8 37. Rc5 (37. Rd3 Nc7 $1 38.
Rxd8 Nxb5 39. Rd3 $1 (39. Bxb5 c2 $19) 39... Nd4 40. Kf2 c2 41. Rc3 Rc7 $15)
37... e4 $13) 37. Rf1 Ne3 $6 (37... Ne7 38. Rc5 Rac7 39. Rxc3 $14 Nxc6 $4 40.
Rfc1 $18) (37... Rd8 38. Rd1 (38. Rc5 $5) 38... Nc7 39. Rc5 $1 (39. Rxd8 Nxb5
40. Rd1 Nxa3 41. Rd7 Ra8 $17) 39... Rxd1+ 40. Bxd1 $14) 38. Re1 c2 $2 (38...
Rxc6 39. Rg5+ Kf6 40. Bxc6 Kxg5 41. Rxe3 $18) (38... Nc4 $142 39. Rc5 Nb6 (
39... Nd6 40. Rd1 $16) 40. Bb5 $14) 39. Rc5 Nd1 $2 (39... Rb8 $8 40. Bxc2 $1 (
40. c7 Rc8 41. Rxe3 Raxc7 42. Rxc7 Rxc7 43. Bxc2 Rxc2 44. Rxe4 $10) (40. Kf2
Rb1 (40... Nd1+ 41. Ke2 $16) 41. Bxc2 (41. c7 Nd1+ 42. Rxd1 cxd1=N+ 43. Bxd1
Rxc7 44. Rxc7 Rxd1 $15) 41... Rxe1 42. Kxe1 Nxc2+ 43. Rxc2 Rc7 44. Kf2 Kf6 45.
Ke3 Ke5 46. Rc5+ Kd6 47. Rxa5 Rxc6 48. Kxe4 Rc3 49. h4 $14) 40... Nxc2 41. Rxc2
$16) 40. Rxc2 $18 e3 41. Rxd1 1-0

[Event "RUS-ch Higher League 69th"]
[Site "Kolomna"]
[Date "2016.06.28"]
[Round "6"]
[White "Chigaev, Maksim"]
[Black "Sviridov, Valery"]
[Result "1-0"]
[WhiteElo "2542"]
[BlackElo "2517"]
[Annotator "Szabo,Kr"]
[PlyCount "119"]
[EventDate "2016.06.22"]
[EventType "swiss"]
[EventRounds "9"]
[EventCountry "RUS"]
[SourceTitle "CBM 174"]
[Source "ChessBase"]
[SourceDate "2016.09.13"]
[SourceVersion "1"]
[SourceVersionDate "2016.09.13"]
[SourceQuality "1"]

1. e4 Nf6 2. e5 Nd5 3. d4 d6 4. Nf3 Bg4 (4... g6) ({and} 4... dxe5 {are the
other main lines.}) 5. Be2 e6 6. O-O Be7 7. c4 Nb6 8. Nc3 O-O 9. Be3 Nc6 (9...
d5 {is the most common main move.}) 10. b3 (10. exd6 {is the main continuation
and looks more ambitious, for example} cxd6 11. d5 exd5 12. Nxd5 Nxd5 13. Qxd5
(13. cxd5 $5) 13... Be6 14. Qd2 d5 15. c5 Rc8 16. b4 Bf6 17. Rad1 $14 {and
White has a comfortable middlegame, Sutovsky-Berkes, Paks 2005.}) 10... dxe5
11. Nxe5 Bxe2 12. Nxe2 Nxe5 13. dxe5 Nd7 ({In case of} 13... Qxd1 14. Rfxd1
Rfd8 15. f4 {The position simplifies a bit and White has some space advantage,
the position is balanced.}) 14. f4 Bc5 15. Qc1 Qe7 16. Nc3 f5 17. exf6 Nxf6 18.
Na4 Ba3 19. Qd1 ({The smart} 19. Qxa3 $5 {is leading to an equal endgame,} Qxa3
20. Bc5 Qxa4 21. bxa4 Rfd8 $11) 19... a6 20. Qe2 e5 21. f5 c6 (21... e4 $5) 22.
Nc3 ({The straightforward} 22. Rad1 {was also fine.}) 22... e4 $1 23. c5 $6 {
White wanted to frees the c4-square for his queen, but this is an inaccuracy,
the c5-pawn will be weak.} (23. Rad1 {was the natural reply.}) 23... Kh8 24.
Na4 Nd5 25. Bd4 Rae8 26. g3 e3 $1 {Suddenly Black is very active and his
e-pawn is like a battering ram.} 27. Rad1 Bb4 28. Ba1 {This move simply gives
the c5-pawn.} (28. Rc1 {was tougher, but Black has also initiative after} Qd7
$1 29. Nb2 Re4 $36) 28... Bxc5 29. Nxc5 Qxc5 30. Rc1 Qe7 31. Rc4 Rf7 32. Rg4 {
Ambitious R-maneuver by White, but Black can protect hardly the g7-pawn.} Qd7
33. h4 Ree7 34. Qd3 Qc7 (34... e2 $1 {was stronger,} 35. Re1 Re3 $19 {and
Black should be winning.}) 35. h5 Nf6 36. Rg5 Ne4 37. Qxe3 Nxg5 38. Qxg5 Qb6+
39. Kg2 h6 $4 {A terrible blunder, which completely changes the game.} (39...
Qd8) ({or} 39... Kg8 {and Black has a clear exchange up.}) 40. Qxh6+ Kg8 41.
Bxg7 $1 {This is the point!} Rxg7 42. f6 Rxg3+ 43. Kxg3 Qe3+ 44. Qxe3 Rxe3+ 45.
Rf3 Re1 46. f7+ Kf8 47. Rf6 c5 48. Rf5 Rc1 49. h6 $2 {White complicates his
own thing!} (49. Kg2 $1 {was winning immediately,} Rc2+ (49... Re1 50. h6 Re6
51. Rh5 $18) 50. Rf2 Rxf2+ 51. Kxf2 Kxf7 52. Ke3 $18 {and Black has to resign.}
) 49... Rh1 50. Rf6 b5 51. Rxa6 Kxf7 52. Ra7+ ({Probably} 52. Rc6 $1 {was the
best move, for example} Rc1 53. Kf4 c4 54. bxc4 bxc4 55. Ke3 {and Black is in
a difficult situation.}) 52... Ke6 53. h7 ({In case of} 53. Kf4 c4 54. bxc4
bxc4 55. Kg5 Rg1+ $11 {should be equalizing.}) 53... Kd5 54. Kg2 Rh6 55. Rd7+
Ke4 $2 {Decisive mistake! Black wants to activate his king, but this is a
losing move!} (55... Kc6 {was important,} 56. Rf7 Rh5 ({, but not} 56... c4 $2
57. Rf6+ $18) 57. Kf3 c4 {and Black will survive.}) 56. a4 $1 $18 {Suddenly
the a-pawn becomes very fast, Black can't stop it!} c4 57. a5 $1 {The only
winning move!} cxb3 58. a6 b2 59. a7 b1=Q 60. a8=Q+ 1-0

[Event "Gausdal Eikrem Memorial"]
[Site "Gausdal"]
[Date "1996.??.??"]
[Round "4"]
[White "Djurhuus, Rune"]
[Black "Tisdall, Jonathan D"]
[Result "1-0"]
[WhiteElo "2505"]
[BlackElo "2515"]
[Annotator "Tisdall,J"]
[PlyCount "89"]
[EventDate "1996.08.??"]
[EventType "swiss"]
[EventRounds "9"]
[EventCountry "NOR"]
[SourceTitle "CBM 054 Extra"]
[Source "ChessBase"]
[SourceDate "1996.11.01"]
[SourceVersion "1"]
[SourceVersionDate "1996.11.01"]
[SourceQuality "1"]

1. e4 Nf6 {A career first, motivated partly due to Rune's recent lack of
success against this, and also partly to steer away from more theoretical
lines.} 2. e5 Nd5 3. d4 d6 4. c4 Nb6 5. exd6 exd6 6. Nc3 Be7 7. Be3 Nc6 8. Nf3
Bg4 9. b3 O-O 10. Be2 (10. h3 $5 {is interesting, and perhaps more dangerous.})
10... Re8 11. Qd2 Bf6 12. O-O d5 13. c5 Nc8 14. h3 Be6 $1 {Now this is the
logical retreat - d5 needs support, and on h5 the bishop would only get in the
way of the Nc8's efforts to recycle into play via g6 or f5.} 15. b4 a6 {
A double-edged decision as now white gets easier access to the queenside.} (
15... N8e7 $5 16. b5 (16. g4 $5) 16... Na5 17. Nxd5 $6 Nxd5 18. Qxa5 Nxe3 19.
fxe3 Bd5 20. Qc3 Qe7 {is not very worrisome for black. Perhaps white should
try to stake out the entire board with}) 16. b5 $6 {This is rushing things.
Much more natural was} (16. Rab1 {but then black can try} Bf5 17. Rb2 Be4 $5 {
with counterplay.}) 16... axb5 17. Nxb5 Na5 18. Bf4 Re7 19. Rfe1 b6 {now
black's access to the queenside files and the c4-square guarantee him good
prospects.} 20. Rac1 c6 21. Nd6 Nxd6 (21... bxc5 $5 22. Nxc8 (22. dxc5 Rea7 (
22... Nb7 $5) 23. Nd4 $13 (23. Ne5 Be7 $1 $15)) 22... Qxc8 23. dxc5 Rea7 $15)
22. Bxd6 Rb7 23. Ne5 bxc5 24. Bxc5 Bg5 $5 (24... Bxe5 25. dxe5 Nc4 26. Bxc4 (
26. Qd4 Qg5 $15) 26... dxc4 27. Qxd8+ $10) 25. f4 Bh4 26. Rf1 f6 $5 (26... Bf5
27. Bb4 Qb6 28. Bxa5 Qxa5 29. Qxa5 Rxa5 30. Rxc6 Rxa2 31. Bf3 $16) 27. Nf3 Bg3
{The bishop on g3 is very perilously placed, but to exploit this white must
allow counterplay on the second rank and on c4. With time pressure approaching,
the position becomes completely random. Objectively, black is probably asking
a bit too much of his position, but the practical chances are quite reasonable.
} 28. Qe3 Bf5 29. Ne5 $1 Rb2 30. Nd3 $1 Rxa2 {Unfortunately the natural} (30...
Nc4 {fails to} 31. Rxc4 $1 Rxe2 32. Qxe2 dxc4 33. Nb4 $16 {and black is
suddenly saddled with weak pawns and scattered pieces. However there were two
other intriguing ways to punt the exchange:}) (30... Rxe2 $5 31. Qxe2 h5 32.
Bb4 Nc4 33. Be1 h4 34. Bxg3 hxg3 $132) (30... Qe8 $5 31. Qxe8+ Rxe8 32. Nxb2
Rxe2 33. Nd1 $1 Be4 $5 34. Nf2 Bf5 $5 $44 {In both cases I think black has
very reasonable practical chances for the sacrificed material.}) 31. Nb4 Qe8 $1
(31... Rb2 $2 32. Bd3 Be4 $1 33. Bxe4 dxe4 34. d5 $1 (34. Qxg3 Rxb4 35. Bxb4
Qxd4+ $16)) 32. Qxe8+ Rxe8 33. Nxa2 Rxe2 34. Rf3 Rxa2 35. Rxg3 Nc4 (35... Be4 {
was correct, preventing the Rg3 from reentering the game. Paradoxically, this
error increases black's winning chances since time pressure was now the major
factor.}) 36. Rcc3 $2 $138 (36. Rf3 $1 $14) 36... Be4 $2 $138 {A panic
reaction to the fact that white's rook could have escaped via f3. As Simen
Agdestein pointed out after the game,} (36... Ra1+ $1 {would have posed white
real trouble.} 37. Kh2 (37. Kf2 Nd2 $17) 37... h5 $1 {Solving black's
potential problem with his king.} (37... Nd2 38. Ra3) 38. Rgf3 (38. h4 $5 Nd2
39. Ra3 Rb1 $1 40. Ra8+ Kh7 41. Rga3 Nf1+ 42. Kg1 Ne3+ $1 $36 43. Kf2 Ng4+ 44.
Ke2 $1 (44. Kg3 Rb2) 44... Rb2+ 45. Kf1 Be4 46. g3 Nh2+ 47. Ke1 (47. Kg1 $4
Rg2+ 48. Kh1 Rf2+ 49. Kg1 Rf1+) 47... Nf3+ 48. Kd1 (48. Kf1 Rd2) 48... Rg2 $17)
38... Nd2) 37. Rb3 g6 38. Rb8+ Kf7 39. f5 g5 $4 {The muddled product of a
nervous last think. There was no reason to fear} (39... Bxf5 $1 40. Rb7+ (40.
Rgb3 Be4 41. R3b7+ Ke6 42. g4 Rg2+ $10) 40... Kg8 41. Rf3 Be4 42. Rf2 (42. Rxf6
Rxg2+ $10) 42... Ra1+ 43. Rf1 Ra2 44. Rf2 Ra1+ 45. Kh2 Ne3 46. Rxf6 Nf1+ 47.
Kg1 Ne3+ $10) 40. Rb7+ Kg8 41. h4 h6 42. hxg5 hxg5 43. Kh2 $1 Nd2 (43... Rf2
$142 $16) (43... Bxf5 44. Rf3 $18) 44. Rxg5+ $1 fxg5 45. f6 (45. f6 Nf3+ 46.
Kg3 Ne5 (46... Rxg2+ 47. Kxg2 Ne5+ 48. Kg3 Nf7 49. Kg4 Bc2 50. Rc7 Bd3 51. Bb4
$18) 47. dxe5 Rxg2+ 48. Kh3 g4+ 49. Kh4 Rh2+ 50. Kg5 Rh7 51. Rxh7 Bxh7 52. e6 {
A terribly painful and unneccesary loss, but that is sadly the price one often
pays for taking chances and avoiding safe options. I could not recover from
the disappointment, which was also foolish.}) 1-0

[Event "Budapest zt-playoff"]
[Site "Budapest"]
[Date "1995.??.??"]
[Round "1"]
[White "Almasi, Zoltan"]
[Black "Varga, Zoltan"]
[Result "1-0"]
[WhiteElo "2590"]
[BlackElo "2460"]
[Annotator "Tompa,J"]
[PlyCount "65"]
[EventDate "1995.03.??"]
[EventType "tourn"]
[EventRounds "4"]
[EventCountry "HUN"]
[EventCategory "11"]
[SourceTitle "CBM 048"]
[Source "ChessBase"]
[SourceDate "1995.10.01"]
[SourceVersion "1"]
[SourceVersionDate "1995.10.01"]
[SourceQuality "1"]

1. e4 Nf6 2. e5 Nd5 3. d4 d6 4. Nf3 Bg4 5. Be2 e6 6. O-O Be7 7. c4 Nb6 8. h3
Bh5 9. Nc3 O-O 10. Be3 N8d7 $6 11. exd6 cxd6 12. b3 $1 d5 13. c5 Nc8 14. b4 a6
15. Nd2 $5 $146 (15. a4 Bxf3 16. Bxf3 Bf6 17. Qd3 Ne7 18. g4 $1 $16 {xd5})
15... Bxe2 16. Qxe2 Bf6 17. Nb3 Ne7 18. Rfd1 $14 Nc6 19. a3 b6 $5 20. Na4 bxc5
$2 (20... b5 $142) 21. Naxc5 Nxc5 22. Nxc5 Ra7 $2 (22... a5 23. b5 Ne7 24. Rab1
Nc8 {/\ Nb6 xc4<=>}) 23. Nxa6 Qa8 24. b5 Nb8 25. Nc5 $1 Rxa3 26. Qb2 $18 Ra5
27. Bd2 Ra7 28. Bf4 Rc8 29. b6 Rxa1 30. Rxa1 Qc6 31. b7 Re8 32. Bxb8 Rxb8 33.
Ra8 (33. Ra8 Rxa8 34. b8=Q+ $1 $18) 1-0

[Event "Berliner Sommer 08th"]
[Site "Berlin"]
[Date "1990.08.16"]
[Round "6"]
[White "Vogt, Lothar"]
[Black "Shabalov, Alexander"]
[Result "1-0"]
[WhiteElo "2505"]
[BlackElo "2475"]
[Annotator "Vogt,L"]
[PlyCount "79"]
[EventDate "1990.08.11"]
[EventType "swiss"]
[EventRounds "9"]
[EventCountry "GER"]
[SourceTitle "EXT 1997"]
[Source "ChessBase"]
[SourceDate "1996.11.15"]
[SourceVersion "1"]
[SourceVersionDate "1996.11.15"]
[SourceQuality "1"]

{SCHACH 11/1990} 1. e4 Nf6 2. e5 Nd5 3. d4 d6 4. Nf3 Bg4 5. Be2 e6 6. O-O Be7
7. c4 Nb6 8. h3 Bh5 9. exd6 cxd6 10. b3 O-O 11. Bb2 Nc6 12. Nbd2 Bg6 13. a3 {
Bereitet b3-b4 vor und verhindert einen Springerausfall nach b4.} a5 14. Re1
Bf6 15. Nf1 (15. Bc3 e5 16. d5 Nd4 17. Nxd4 exd4 18. Bb2 d3) 15... d5 16. c5
Nd7 {/\ Nc5} 17. Qd2 e5 $6 {Schwarz sollte sich passiv verhalten, obwohl 18.b4
Weiß zum Vorteil verhilft.} (17... b6) 18. dxe5 Ndxe5 19. Rad1 Qc7 (19... Nxf3+
20. Bxf3 d4 21. Bxc6 bxc6 22. Bxd4 Bxd4 23. Qxd4 Qxd4 24. Rxd4) 20. Ne3 Rad8
21. Nxe5 (21. Nxd5 $4 Rxd5 22. Qxd5 Nxf3+ $19) 21... Bxe5 22. Bxe5 Nxe5 (22...
Qxe5 23. Nxd5) 23. f4 Nd7 (23... d4 24. fxe5 dxe3 25. Qxe3) (23... Qxc5 24.
fxe5 d4 25. Kh1) 24. f5 d4 25. Qxd4 (25. Nd5 Qxc5 26. Qxd4 Bxf5 27. Qxc5 Nxc5
28. Ne7+) 25... Nf6 (25... Nxc5 26. Nd5 Nxb3 27. Qc4) 26. Qc4 (26. Qc3 $2 Ne4
27. Qc2 Qf4) 26... Qe5 27. Bd3 $1 {Dieser Zug zeigt, wer "Chef im Ring" ist!}
Bh5 28. Ng4 Qc7 (28... Qg3 29. Re3 Qh4 $4 30. Nh6+) 29. Nxf6+ gxf6 30. Rc1 Qg3
31. Bf1 Rd2 32. Qc3 Qf2+ 33. Kh1 (33. Kh2 $2 Bf3 $1) 33... Rfd8 34. Qxf6 Bf3 (
34... Qg3 35. Qe5 {dauert nur etwas länger}) 35. Qg5+ Kf8 (35... Kh8 36. f6 Rg8
37. Qxg8+ Kxg8 38. Re8#) 36. f6 Be2 37. Qg7+ Ke8 38. Qg8+ Kd7 39. Qxf7+ Kc8 40.
Qe6+ 1-0